Telesná výchova v novej etape Metodické odporúčania k vyučovaniu telesnej výchovy podľa platných učebných osnov na základnej a stredných školách

Bibliographic Details
Main Author: Sivák, Jozef (PhDr., CSc.) (Author)
Format: Article
Language:Slovak
Subjects:

MARC

LEADER 00000nab a2200000 a 4500
001 vtls000384253
003 SK-MaSNL
005 20260304133409.0
008 140301c1990 xo 0 slo
015 |a SNBRB19rr/mm-uuuuu 
035 |a CL0384375 
040 |a SNKBUCL  |b slo  |c SNKBUCL  |e AACR2 
041 0 |a slo 
044 |a xo  |c SK 
080 |a 372.879.6:373.3:373.5  |2 1981 
080 |a 373.3  |2 1981 
080 |a 373.5  |2 1981 
100 1 |a Sivák, Jozef  |c (PhDr., CSc.)  |4 aut  |9 230472 
245 1 0 |a Telesná výchova v novej etape  |b Metodické odporúčania k vyučovaniu telesnej výchovy podľa platných učebných osnov na základnej a stredných školách  |c Jozef Sivák 
650 0 7 |a telesná výchova  |2 snkbucl  |9 708 
650 0 7 |a školy základné  |2 snkbucl  |9 390867 
650 0 7 |a stredné školy  |2 snkbucl  |9 1279 
655 7 |a články z novín a časopisov  |2 snkbucl  |9 267496 
773 0 |t Učiteľské noviny  |g Roč. 40, č. 21 (1990), s. 10 
850 |a Slovenská národná knižnica v Martine  |a MTA001 
852 |a SNK  |b KIS3GCP 
958 |a RK 
992 |a RBX 
999 |c 2901321  |d 2903251